000 00696nam a2200217 i 4500
001 36949
003 ES-MaACL
005 20260210162430.0
007 t|
008 030219s1910 fr ||||1| fre d
100 1 _aBrunet, Raymond.
_932167
245 1 3 _aLe materiel viticole /
_cpar Raymond Brunet ; precedé d'une etude generale par P. Viala ; introduction par P. Regnard.
260 _a[S.l. :
_bs.n.,
_c1910] (
_fCorbeil Creté)
300 _a400 p. ;
_c17 cm.
490 1 _aEncyclopédie agricole
700 1 _aViala, P.
_9114267
700 1 _aRegnard, Paul (
_d1850-1927)
_9150831
830 0 _aEncyclopédie agricole
_9180885
852 _aES-MaACL
_jD-3634
999 _c36949
_d36949